000
00285nam a2200109Ia 4500
008
171211s9999 xx 000 0 und d
245
_a
Delphi Cookbook
245
_c
Daniele Teti
260
_c
2014
650
_x
IT eBOOKS
856
_u
http://down.ebook777.com/020/Delphi%20Cookbook.pdf
999
_c
349811
_d
349811